Urbanismo y medio ambiente
Publicado:
[Barcelona] :
Diputación Provincial de Barcelona, Sección de Prensa, Información y Ediciones ,
1974
Descripción Física:
231 p. ; 24 cm
MARC
| LEADER | 00000nam a2200000Ia 4500 | ||
|---|---|---|---|
| 001 | 14194 | ||
| 008 | 160829s1974 xx 000 0 cat d | ||
| 080 | |a B-2-9 | ||
| 245 | |a Urbanismo y medio ambiente | ||
| 260 | |a [Barcelona] : |b Diputación Provincial de Barcelona, Sección de Prensa, Información y Ediciones, |c 1974 | ||
| 300 | |a 231 p. ; |c 24 cm | ||
| 590 | |a Títol monogràfic de la Revista del Instituto de Ciencias Sociales, no. 23 (1974). | ||
| 590 | |a Referències bibliogràfiques. | ||
| 590 | |a Text en castellà, francès i italià | ||
| 650 | |a Urbanisme |9 30914 | ||
| 650 | 0 | |a Medi ambient |9 26046 | |
| 710 | 1 | |a Barcelona (Catalunya : Província). |b Diputació |9 52408 | |
| 710 | 2 | |a Instituto de Ciencias Sociales (Barcelona, Catalunya) |9 54508 | |
| 901 | |a Arxiu | ||
| 942 | |n 1 | ||
| 952 | |0 0 |1 0 |4 0 |6 B29 |7 1 |9 44742 |a Arxiu |b Arxiu |d 2016-12-01 |l 0 |o B-2-9 |p 14194 |r 2016-12-01 00:00:00 |w 2016-12-01 |y ARXIU | ||
| 999 | |c 47324 |d 47324 | ||